000 00599nam a22001697a 4500
008 160820b xxu||||| |||| 00| 0 eng d
020 _a978-0-8493-8396-0
082 _22008
_aDC 658.45
_bW18w
100 _913369
_aWang, John X.
245 _aWhat every engineer should know about business communication/
_cJohn X. Wang.
260 _aBoca Raton:
_bCRC,
_c c2008.
300 _axvii, 188 pages:
_billustrations;
_c24 cm.
500 _aIncludes bibliographical references and index.
650 0 _913370
_aCommunication in engineering
650 0 _913371
_aBusiness communication
942 _2ddc
_cDC
999 _c3998
_d3998